Instructional guide for elementary schools ... (Record no. 21607)
[ view plain ]
| 000 -LEADER | |
|---|---|
| fixed length control field | 01087cam a22002891 4500 |
| 001 - CONTROL NUMBER | |
| control field | e 38000265 |
| 003 - CONTROL NUMBER IDENTIFIER | |
| control field | DLC |
| 005 - DATE AND TIME OF LATEST TRANSACTION | |
| control field | 20260227111227.0 |
| 008 - FIXED-LENGTH DATA ELEMENTS--GENERAL INFORMATION | |
| fixed length control field | 810709s1936 miu b s000 0 eng c |
| 010 ## - LIBRARY OF CONGRESS CONTROL NUMBER | |
| LC control number | e 38000265 |
| 035 ## - SYSTEM CONTROL NUMBER | |
| System control number | (OCoLC)7567257 |
| 040 ## - CATALOGING SOURCE | |
| Original cataloging agency | U.S. Off. of Education. Library |
| Transcribing agency | MiMarqN |
| Modifying agency | MiMarqN |
| -- | DLC |
| 042 ## - AUTHENTICATION CODE | |
| Authentication code | premarc |
| 043 ## - GEOGRAPHIC AREA CODE | |
| Geographic area code | n-us-mi |
| 050 00 - LIBRARY OF CONGRESS CALL NUMBER | |
| Classification number | L162 |
| Item number | .B3 no. 301 |
| 110 1# - MAIN ENTRY--CORPORATE NAME | |
| Corporate name or jurisdiction name as entry element | Michigan. |
| Subordinate unit | Department of Public Instruction. |
| 245 10 - TITLE STATEMENT | |
| Title | Instructional guide for elementary schools ... |
| Statement of responsibility, etc. | Prepared by the committee, Paul T. Rankin, chairman. Published by Eugene B. Elliott, Superintendent of Public Instruction. |
| 260 ## - PUBLICATION, DISTRIBUTION, ETC. | |
| Place of publication, distribution, etc. | Lansing, Mich., |
| Date of publication, distribution, etc. | 1936. |
| 300 ## - PHYSICAL DESCRIPTION | |
| Extent | 163, [1] p. |
| Dimensions | 23 cm. |
| 490 1# - SERIES STATEMENT | |
| Series statement | Its Bulletin |
| Volume/sequential designation | no. 301 |
| 500 ## - GENERAL NOTE | |
| General note | Text continued on back cover. |
| 504 ## - BIBLIOGRAPHY, ETC. NOTE | |
| Bibliography, etc. note | Includes bibliographies. |
| 504 ## - BIBLIOGRAPHY, ETC. NOTE | |
| Bibliography, etc. note | "General readings in elementary school teaching": p. [159]-160. |
| 650 #0 - SUBJECT ADDED ENTRY--TOPICAL TERM | |
| Topical term or geographic name entry element | Education |
| Geographic subdivision | Michigan |
| General subdivision | Curricula. |
| 650 #0 - SUBJECT ADDED ENTRY--TOPICAL TERM | |
| Topical term or geographic name entry element | Education, Elementary. |
| 830 #0 - SERIES ADDED ENTRY--UNIFORM TITLE | |
| Uniform title | Bulletin (Michigan Department of Public Instruction) ; |
| Volume/sequential designation | no. 301. |
No items available.